| Tag |
First Indicator |
Second Indicator |
Subfields |
| LEADER |
00000cam a2200000I 4500 |
| 001 |
in00001987113 |
| 005 |
20151029150758.0 |
| 008 |
760405s1974 coua b 000 0 eng d |
| 035 |
|
|
|a (OCoLC)ocm02094598
|
| 040 |
|
|
|a FQG
|c FQG
|d OCLCQ
|d TXA
|d UtOrBLW
|
| 043 |
|
|
|a n-us---
|
| 049 |
|
|
|a TXAM
|
| 090 |
|
|
|a QC879
|b H35 1974
|
| 100 |
1 |
|
|a Hallgren, Elisabeth Lynn.
|
| 245 |
1 |
4 |
|a The University Corporation for Atmospheric Research and the National Center for Atmospheric Research, 1960-1970 :
|b an institutional history /
|c Elisabeth Lynn Hallgren.
|
| 264 |
|
1 |
|a [Boulder, Colo.] :
|b [University Corporation for Atmospheric Research],
|c 1974.
|
| 300 |
|
|
|a v, 146 pages :
|b illustrations ;
|c 28cm.
|
| 336 |
|
|
|a text
|b txt
|2 rdacontent
|
| 337 |
|
|
|a unmediated
|b n
|2 rdamedia
|
| 338 |
|
|
|a volume
|b nc
|2 rdacarrier
|
| 500 |
|
|
|a Includes bibliographical references.
|
| 610 |
2 |
0 |
|a University Corporation for Atmospheric Research.
|
| 610 |
2 |
0 |
|a National Center for Atmospheric Research (U.S.)
|
| 650 |
|
0 |
|a Atmosphere
|x Research
|z United States.
|
| 994 |
|
|
|a C0
|b TXA
|
| 948 |
|
|
|a cataloged
|b h
|c 2004/8/31
|d c
|e bhartsfi
|f 9:08:30 am
|
| 999 |
|
|
|a MARS
|
| 999 |
f |
f |
|s d5e312b3-f982-3303-a496-dc1946f4fab5
|i fb5040e8-b56c-3ec0-8a6d-c493e417da9c
|t 0
|
| 952 |
f |
f |
|p ric
|a Texas A&M University
|b Rellis Campus
|c Joint Library Facility
|d Remote Storage
|t 0
|e QC879 H35 1974
|h Library of Congress classification
|i unmediated -- volume
|m A14831281783
|
| 998 |
f |
f |
|a QC879 H35 1974
|t 0
|l Remote Storage
|